000 01202nam0a2200301 4500
001 RU\NLR\bibl\459124
005 20260406140508.0
010 _a5-7533-0067-7
_94000
021 _aRU
_b2003-47992
_92306
035 _a(NLR Aleph) 000452627
090 _a883643
_c883643
100 _a20031113d2003 |||y0rusy50 ca
101 0 _arus
_achu
102 _aRU
105 _aa |||||||||
200 1 _aМысли христианина
_eС прил. Службы и Акафиста св. праведному Иоанну Кронштадтскому
_fСв. правед. Иоанн Кронштадтский
210 _aМ.
_cПравило веры
_d2003
215 _a671 с., [1] л. цв. ил.
_cил.
_d17
300 _aЧасть текста на церковнослав. яз.
606 0 _aДуховно-нравственное чтение
_92074545
_3RU\NLR\auth\661249549
686 _aЭ372.24-681.2
700 0 _4070
_8rus
_7ca
_aИоанн Кронштадтский
_cсвятой
_f1829-1908
_3RU\NLR\auth\773064
_9113070
801 0 _aRU
_bNLR
_c20031113
_gPSBO
801 1 _aRU
_bNLR
_c20031113
942 _cBOOK
980 _aNB